000 00605cam a2200133 4500500
005 20260111091251.0
041 _afre
042 _adc
245 0 0 _aPoppi A., Filosofia in tempo di nichilismo. Problemi di etica e di metafisica, coll. de « La Crisalide » 23/12, Napoli, Ed. Scientifiche Italiane, 2002, 20x14, 294 p., 19 €. ISBN 88-495-0450-0
260 _c2005.
500 _a55
786 0 _nNouvelle revue théologique | 127 | 4 | 2005-12-15 | p. 666r-679r | 0029-4845
856 4 1 _uhttps://shs.cairn.info/revue-nouvelle-revue-theologique-2005-4-page-666r?lang=fr&redirect-ssocas=7080
999 _c1620783
_d1620783